01508nam a2200289 a 4500001001000000005001700010041000800027044000800035084002100043100004500064245004400109260003500153300001700188440005700205500029600262500005000558500025100608500001100859546002400870650005200894650005600946650003401002650004501036700004801081700003901129740005001168BRCA_337720190320204242.0 aeng aenk a666b.G693c19011 aCervantes Saavedra, Miguel ded1547-161610aDon QuixotecTranslated by John Ormsby. aGlasgowbGowans and Grayc1901 a4 v.c18 cm. 0aThe Complete Works of Miguel de Cervantesv3,4,5 y 6 aContenido : v.1. Primera parte. Introducción por J. Fitzmaurice-Kelly. Nota biográfica, dedicatoria y prólogo del autor. Versos preliminares. -- v.2. Primera parte. Texto. -- v.3. Segunda parte. Dedicatoria y prólogo del autor. -- v.4. Segunda parte. Texto. Proverbios de Don Quijote aEdición : Edited by James Fitzmaurice-Kelly aTraducción de John Ormsby, editada, prolongada y anotada por el conocido hispanista inglés J. Fitzmaurice-Kelly, autor de una biografía de Cervantes. Sus notas y comentarios son eruditos, pero el tono demasiado frío. Tela Lúdovik Osterc aQM489A aTexto en : inglés14aNovela españolayÉpoca clásica, 1500-170014aLiteratura españolayÉpoca clásica, 1500-170014aNovela españolaySiglo XVII14aDon Quijote (Personaje fciticio)eNovela1 aFitzmaurice-Kelly, Jamesd1858-1923eEditor1 aOrmsby, Johnd1829-1895eTraductor0 aEl Ingenioso Hidalgo Don Quijote de la Mancha